[Event "Brasilia FBX op"]
[Site "Brasilia"]
[Date "2015.02.28"]
[Round "3"]
[White "Peixoto da Silva, Alexandre M"]
[Black "Seabra, Ricardo Manhaes"]
[Result "0-1"]
[WhiteElo "1584"]
[BlackElo "1891"]
[PlyCount "44"]
[EventDate "2015.02.27"]
[EventType "swiss"]
[EventRounds "5"]
[EventCountry "BRA"]
[SourceTitle "CBM 165 Extra"]
[Source "ChessBase"]
[SourceDate "2015.04.21"]
[SourceVersion "1"]
[SourceVersionDate "2015.04.21"]
[SourceQuality "1"]

1. e4 d5 2. exd5 c6 3. dxc6 Nxc6 4. Bb5 e5 5. Nf3 Bd6 6. 0-0 Nf6 7. d4 e4 8. Ne5 0-0 9. Nxc6 bxc6 10. Bxc6 Bxh2+ 11. Kxh2 Qd6+ 12. Kg1 Qxc6 13. Bf4 Bg4 14. Qd2 Qb5 15. b3 Qh5 16. Nc3 Bf3 17. gxf3 exf3 18. Nd1 Rfe8 19. Ne3 Ne4 20. Qe1 Re6 21. Ng2 Rh6 22. Bxh6 Qg4 0-1

[Event "Brasilia Regional Centro Oeste"]
[Site "Brasilia"]
[Date "2014.05.11"]
[Round "5"]
[White "Peixoto da Silva, Alexandre M"]
[Black "Campos, Westerley Batista"]
[Result "0-1"]
[WhiteElo "1585"]
[BlackElo "1703"]
[PlyCount "70"]
[EventDate "2014.05.09"]
[EventType "swiss"]
[EventRounds "5"]
[EventCountry "BRA"]
[SourceTitle "CBM 160 Extra"]
[Source "ChessBase"]
[SourceDate "2014.07.01"]
[SourceVersion "1"]
[SourceVersionDate "2014.07.01"]
[SourceQuality "1"]

1. d4 d5 2. c4 dxc4 3. e4 e5 4. d5 Nf6 5. Nc3 a6 6. Bxc4 b5 7. Be2 b4 8. Na4 Nxe4 9. Nf3 Bd6 10. Qc2 Nf6 11. Bg5 h6 12. Bh4 Bb7 13. Bc4 0-0 14. Rd1 Nbd7 15. 0-0 Qc8 16. Rfe1 Nh5 17. Qd2 Re8 18. Qe3 f5 19. g4 fxg4 20. Nd2 Ndf6 21. Ne4 Qf5 22. Bd3 Qf4 23. Qxf4 exf4 24. Bxf6 Nxf6 25. Nxd6 cxd6 26. Bc4 Nd7 27. Be2 Ne5 28. Rc1 Rad8 29. Nb6 Re7 30. Bxg4 Kf7 31. Be6+ Kf6 32. Re4 g5 33. Rd1 Rxe6 34. dxe6 Bxe4 35. Re1 Nf3+ 0-1

[Event "Brasilia Regional Centro Oeste"]
[Site "Brasilia"]
[Date "2014.05.10"]
[Round "3"]
[White "Peixoto da Silva, Alexandre M"]
[Black "Felix, Luiza de Oliveira"]
[Result "1-0"]
[WhiteElo "1585"]
[BlackElo "1795"]
[PlyCount "48"]
[EventDate "2014.05.09"]
[EventType "swiss"]
[EventRounds "5"]
[EventCountry "BRA"]
[SourceTitle "CBM 160 Extra"]
[Source "ChessBase"]
[SourceDate "2014.07.01"]
[SourceVersion "1"]
[SourceVersionDate "2014.07.01"]
[SourceQuality "1"]

1. d4 Nf6 2. c4 e6 3. Nc3 Bb4 4. e3 0-0 5. Bd3 d6 6. Nge2 c5 7. a3 Qa5 8. Bd2 Bxc3 9. Bxc3 Qc7 10. dxc5 dxc5 11. Qc2 e5 12. Ng3 Re8 13. 0-0 Nc6 14. Ne4 Nxe4 15. Bxe4 g6 16. Bd5 Ne7 17. e4 Nc6 18. Qd2 Nd4 19. Bxd4 cxd4 20. f4 exf4 21. Rxf4 Be6 22. Raf1 Qb6 23. Bxe6 Qxe6 24. Qxd4 Qd7 1-0

[Event "Brasilia Regional Centro Oeste"]
[Site "Brasilia"]
[Date "2014.05.09"]
[Round "1"]
[White "Peixoto da Silva, Alexandre M"]
[Black "Lucena, Lincoln"]
[Result "0-1"]
[WhiteElo "1585"]
[BlackElo "2163"]
[PlyCount "38"]
[EventDate "2014.05.09"]
[EventType "swiss"]
[EventRounds "5"]
[EventCountry "BRA"]
[SourceTitle "CBM 160 Extra"]
[Source "ChessBase"]
[SourceDate "2014.07.01"]
[SourceVersion "1"]
[SourceVersionDate "2014.07.01"]
[SourceQuality "1"]

1. d4 Nf6 2. c4 c5 3. d5 b5 4. cxb5 a6 5. e3 g6 6. bxa6 Bxa6 7. Bxa6 Rxa6 8. Nf3 Bg7 9. 0-0 0-0 10. Nc3 d6 11. Qc2 Rb6 12. b3 Nxd5 13. Nxd5 Bxa1 14. Nxb6 Qxb6 15. Bb2 Bxb2 16. Qxb2 Nc6 17. Nd2 Rb8 18. Nc4 Qa6 19. Rd1 Qxc4 0-1

[Event "Brasilia Abertura op"]
[Site "Brasilia"]
[Date "2014.02.23"]
[Round "5"]
[White "Peixoto da Silva, Alexandre M"]
[Black "Fontes, Matheus Consolmagno"]
[Result "1-0"]
[WhiteElo "1809"]
[BlackElo "1776"]
[PlyCount "95"]
[EventDate "2014.02.21"]
[EventType "swiss"]
[EventRounds "5"]
[EventCountry "BRA"]
[SourceTitle "CBM 159 Extra"]
[Source "ChessBase"]
[SourceDate "2014.04.24"]
[SourceVersion "1"]
[SourceVersionDate "2014.04.24"]
[SourceQuality "1"]

1. e4 c5 2. Nf3 d6 3. d4 cxd4 4. Nxd4 Nf6 5. Nc3 a6 6. Be2 e6 7. 0-0 b5 8. a3 Bb7 9. f3 Nbd7 10. Be3 Be7 11. Kh1 0-0 12. Nb3 Rc8 13. Qe1 Nc5 14. Nxc5 dxc5 15. Qg3 Bd6 16. e5 b4 17. axb4 cxb4 18. exd6 bxc3 19. b3 Rc6 20. Rfd1 Ne8 21. d7 Nf6 22. Bh6 g6 23. Bxf8 Kxf8 24. Rd6 Nxd7 25. Rxc6 Bxc6 26. Rxa6 Nb8 27. Ra7 Bb5 28. Qc7 Qd7 29. Qxd7 Bxd7 30. Ra8 Ke7 31. Rxb8 e5 32. Rb7 Ke6 33. Bc4+ Kd6 34. Bxf7 Bf5 35. Ra7 Bxc2 36. Ra1 Kc5 37. Rc1 Kd4 38. Rxc2 Kd3 39. Rc1 Kd2 40. Rg1 c2 41. b4 Kc3 42. b5 g5 43. g4 Kd3 44. Bd5 Kd4 45. Be4 Kc5 46. Bxc2 Kxb5 47. Bxh7 Kc5 48. Rd1 1-0

[Event "Brasilia Abertura op"]
[Site "Brasilia"]
[Date "2014.02.21"]
[Round "1"]
[White "Peixoto da Silva, Alexandre M"]
[Black "Felix, Raimundo Nascimento"]
[Result "0-1"]
[WhiteElo "1809"]
[BlackElo "1994"]
[PlyCount "92"]
[EventDate "2014.02.21"]
[EventType "swiss"]
[EventRounds "5"]
[EventCountry "BRA"]
[SourceTitle "CBM 159 Extra"]
[Source "ChessBase"]
[SourceDate "2014.04.24"]
[SourceVersion "1"]
[SourceVersionDate "2014.04.24"]
[SourceQuality "1"]

1. e4 c5 2. Nf3 d6 3. d4 cxd4 4. Nxd4 Nf6 5. Nc3 g6 6. Be2 Bg7 7. Be3 Nc6 8. Nb3 Bd7 9. Qd2 0-0 10. Bh6 a5 11. Bxg7 Kxg7 12. 0-0 a4 13. Nd4 Qb6 14. Nf3 Rfc8 15. Rab1 h6 16. Rfe1 Be6 17. Bd3 Ra5 18. Qe3 Qxe3 19. Rxe3 Ng4 20. Ree1 Nb4 21. a3 Nxd3 22. cxd3 f6 23. Nd5 Bxd5 24. exd5 Ne5 25. d4 Nxf3+ 26. gxf3 Kf7 27. Rec1 Rxc1+ 28. Rxc1 Rxd5 29. Rc4 b5 30. Rb4 Ke6 31. Kg2 Kf5 32. Kg3 g5 33. b3 axb3 34. Rxb3 h5 35. Rb4 h4+ 36. Kg2 Kf4 37. Rb3 f5 38. Rb4 g4 39. fxg4 fxg4 40. Rb3 h3+ 41. Kf1 Rxd4 42. Ke2 Ra4 43. Rd3 Re4+ 44. Kd2 b4 45. axb4 Rxb4 46. Re3 d5 0-1